| 000 | 00710nam a2200217 a 4500 | ||
|---|---|---|---|
| 005 | 20240925065303.0 | ||
| 008 | 991125s1980 es 000 0 spa u | ||
| 020 | _a847222497X | ||
| 035 | _aUPN01000012302 | ||
| 049 | _aCG | ||
| 050 | 4 |
_aBL65 A5 _bA4.3 |
|
| 100 | 1 | _aAmengual, Gabriel | |
| 245 | 1 | 0 |
_aCrítica de la religión y antropología en Ludwig Feuerbach : _bla reducción antropológica de la teología como paso del idealismo al materiaismo / _cGabriel Amengual. |
| 260 |
_aBarcelona, Esp. : _bLaia, _c1980. |
||
| 300 | _a461 p. | ||
| 440 | 0 |
_aPapel 451 ; _v49. _pFilosofía |
|
| 650 | 2 |
_aAntropología _94499 |
|
| 650 | 4 |
_aReligión _98129 |
|
| 650 | 4 |
_aHOMBRE (TEOLOGIA) _913158 |
|
| 905 | _aLibro | ||
| 999 |
_c12302 _d12302 |
||